[Event "c14"]
[Site "?"]
[Date "2020.08.27"]
[Round "11.1"]
[White "Chyzy, Jakub"]
[Black "Karolczuk, Iwo"]
[Result "1-0"]
[BlackElo "2044"]
[WhiteElo "2005"]
[LiveChessVersion "1.4.8"]

1. b3 {[%clk 0:03:03]} Nf6 {[%clk 0:02:59]} 2. Bb2 {[%clk 0:03:05]} c5
{[%clk 0:02:47]} 3. d3 {[%clk 0:03:06]} g6 {[%clk 0:02:47]} 4. Nd2
{[%clk 0:03:07]} Bg7 {[%clk 0:02:48]} 5. g3 {[%clk 0:03:08]} O-O {[%clk 0:02:49]}
6. Bg2 {[%clk 0:03:10]} d5 {[%clk 0:02:50]} 7. e4 {[%clk 0:03:03]} Nc6
{[%clk 0:02:43]} 8. Ne2 {[%clk 0:03:01]} e5 {[%clk 0:02:41]} 9. O-O
{[%clk 0:03:00]} Be6 {[%clk 0:02:38]} 10. f4 {[%clk 0:02:53]} Ng4
{[%clk 0:02:21]} 11. Rf3 {[%clk 0:02:47]} exf4 {[%clk 0:02:15]} 12. Bxg7
{[%clk 0:02:46]} Kxg7 {[%clk 0:02:04]} 13. gxf4 {[%clk 0:02:36]} f5
{[%clk 0:02:03]} 14. h3 {[%clk 0:02:17]} Nf6 {[%clk 0:01:45]} 15. e5
{[%clk 0:02:19]} Nh5 {[%clk 0:01:40]} 16. d4 {[%clk 0:01:52]} cxd4
{[%clk 0:01:35]} 17. Nf1 {[%clk 0:01:44]} Qb6 {[%clk 0:01:35]} 18. Kh2
{[%clk 0:01:39]} Rac8 {[%clk 0:01:35]} 19. Nfg3 {[%clk 0:01:23]} Nxg3
{[%clk 0:01:30]} 20. Rxg3 {[%clk 0:01:23]} Rfd8 {[%clk 0:01:19]} 21. Qd2
{[%clk 0:01:08]} Kf7 {[%clk 0:01:04]} 22. a3 {[%clk 0:00:57]} Qc5
{[%clk 0:01:02]} 23. b4 {[%clk 0:00:54]} Qc4 {[%clk 0:01:03]} 24. Bf1
{[%clk 0:00:43]} Qb5 {[%clk 0:00:23]} 25. Nxd4 {[%clk 0:00:36]} Qb6
{[%clk 0:00:25]} 26. Nxe6 {[%clk 0:00:32]} Kxe6 {[%clk 0:00:26]} 27. Rd1
{[%clk 0:00:27]} Ne7 {[%clk 0:00:25]} 28. c4 {[%clk 0:00:18]} Kf7
{[%clk 0:00:14]} 29. c5 {[%clk 0:00:15]} Qe6 {[%clk 0:00:15]} 30. Rd3
{[%clk 0:00:12]} b6 {[%clk 0:00:13]} 31. cxb6 {[%clk 0:00:07]} Qxb6
{[%clk 0:00:08]} 32. Bg2 {[%clk 0:00:07]} Ke6 {[%clk 0:00:08]} 33. Bxd5+
{[%clk 0:00:06]} Nxd5 {[%clk 0:00:07]} 34. Rxd5 {[%clk 0:00:07]} Rc2
{[%clk 0:00:05]} 35. Qxc2 {[%clk 0:00:06]} Rxd5 {[%clk 0:00:07]} 36. Qa2
{[%clk 0:00:05]} Qb5 {[%clk 0:00:04]} 37. Rxd5 {[%clk 0:00:06]} Qxd5
{[%clk 0:00:06]} 38. Qxd5+ {[%clk 0:00:07]} Kxd5 {[%clk 0:00:07]} 39. h4
{[%clk 0:00:08]} h6 {[%clk 0:00:08]} 40. Kg3 {[%clk 0:00:08]} g5 {[%clk 0:00:07]}
41. hxg5 hxg5 {[%clk 0:00:08]} 42. fxg5 {[%clk 0:00:10]} Kxe5 {[%clk 0:00:10]}
43. Kf3 {[%clk 0:00:11]} f4 {[%clk 0:00:10]} 44. g6 {[%clk 0:00:12]} Kf6
{[%clk 0:00:12]} 1-0

[Event "c14"]
[Site "?"]
[Date "2020.08.27"]
[Round "11.2"]
[White "Demski, Michal"]
[Black "Fiszer, Bartosz"]
[Result "1/2-1/2"]
[BlackElo "1905"]
[WhiteElo "1773"]
[LiveChessVersion "1.4.8"]

1. e4 {[%clk 0:03:02]} c5 {[%clk 0:03:02]} 2. Nc3 {[%clk 0:03:03]} Nc6
{[%clk 0:03:03]} 3. g3 {[%clk 0:03:03]} g6 {[%clk 0:03:00]} 4. Bg2
{[%clk 0:03:04]} Bg7 {[%clk 0:03:00]} 5. Nge2 {[%clk 0:03:05]} e6
{[%clk 0:02:59]} 6. d3 {[%clk 0:03:06]} Nge7 {[%clk 0:02:58]} 7. Be3
{[%clk 0:03:05]} d6 {[%clk 0:02:50]} 8. Qd2 {[%clk 0:03:06]} Rb8 {[%clk 0:02:40]}
9. Bh6 {[%clk 0:03:04]} Kf8 {[%clk 0:02:30]} 10. Bxg7+ {[%clk 0:02:32]} Kxg7
{[%clk 0:02:30]} 11. d4 {[%clk 0:02:32]} b5 {[%clk 0:02:01]} 12. dxc5
{[%clk 0:02:26]} dxc5 {[%clk 0:02:01]} 13. Qe3 {[%clk 0:01:41]} b4
{[%clk 0:01:19]} 14. Nd1 {[%clk 0:01:42]} Nd4 {[%clk 0:01:19]} 15. Nxd4
{[%clk 0:01:33]} cxd4 {[%clk 0:01:19]} 16. Qf4 {[%clk 0:01:24]} Ba6
{[%clk 0:00:36]} 17. Qe5+ {[%clk 0:01:09]} Kg8 {[%clk 0:00:35]} 18. Bf1
{[%clk 0:00:33]} Bxf1 {[%clk 0:00:24]} 19. Kxf1 {[%clk 0:00:34]} Nc6
{[%clk 0:00:23]} 20. Qc5 {[%clk 0:00:30]} Qb6 {[%clk 0:00:19]} 21. Qxb6
{[%clk 0:00:22]} Rxb6 {[%clk 0:00:20]} 22. f4 {[%clk 0:00:22]} Kg7
{[%clk 0:00:19]} 23. Nf2 {[%clk 0:00:23]} Rc8 {[%clk 0:00:18]} 24. Nd3
{[%clk 0:00:23]} Na5 {[%clk 0:00:18]} 25. Ne1 {[%clk 0:00:11]} Nc4
{[%clk 0:00:17]} 26. Ke2 {[%clk 0:00:04]} Ne3 {[%clk 0:00:12]} 27. Nd3
{[%clk 0:00:03]} Rxc2+ {[%clk 0:00:13]} 28. Kf3 {[%clk 0:00:05]} a5
{[%clk 0:00:09]} 29. Rac1 {[%clk 0:00:06]} Rbc6 {[%clk 0:00:10]} 30. Rxc2
{[%clk 0:00:07]} Rxc2 {[%clk 0:00:11]} 31. Rc1 {[%clk 0:00:08]} Rxc1
{[%clk 0:00:10]} 32. Nxc1 {[%clk 0:00:09]} Nc4 {[%clk 0:00:11]} 33. b3
{[%clk 0:00:10]} Nd6 {[%clk 0:00:10]} 34. Nd3 {[%clk 0:00:10]} Nb5
{[%clk 0:00:11]} 35. Nc5 {[%clk 0:00:10]} Nc3 {[%clk 0:00:11]} 36. Nb7
{[%clk 0:00:10]} Nxa2 {[%clk 0:00:08]} 37. Nxa5 {[%clk 0:00:12]} f5
{[%clk 0:00:08]} 38. exf5 {[%clk 0:00:12]} exf5 {[%clk 0:00:09]} 39. Nc6
{[%clk 0:00:13]} d3 {[%clk 0:00:06]} 40. Ke3 {[%clk 0:00:14]} Nc1
{[%clk 0:00:07]} 41. Nxb4 {[%clk 0:00:15]} Nxb3 {[%clk 0:00:08]} 42. Nxd3
{[%clk 0:00:15]} Kf6 {[%clk 0:00:09]} 43. Ne5 {[%clk 0:00:16]} Nc5
{[%clk 0:00:10]} 44. Kd4 {[%clk 0:00:18]} Ne4 {[%clk 0:00:11]} 45. Ke3
{[%clk 0:00:17]} Nc5 {[%clk 0:00:11]} 46. h4 {[%clk 0:00:18]} Ne4
{[%clk 0:00:12]} 47. Kf3 {[%clk 0:00:19]} Nd2+ {[%clk 0:00:11]} 48. Ke2
{[%clk 0:00:20]} Nb3 {[%clk 0:00:11]} 49. Kf3 {[%clk 0:00:20]} Nd4+
{[%clk 0:00:11]} 50. Kf2 {[%clk 0:00:20]} Ke6 {[%clk 0:00:12]} 51. Ke3
{[%clk 0:00:19]} Nb5 {[%clk 0:00:13]} 52. Kf3 {[%clk 0:00:19]} Nd6
{[%clk 0:00:14]} 53. g4 {[%clk 0:00:18]} fxg4+ {[%clk 0:00:11]} 54. Kxg4
{[%clk 0:00:18]} Kf6 {[%clk 0:00:12]} 55. Nd7+ {[%clk 0:00:19]} Ke7
{[%clk 0:00:13]} 56. Ne5 {[%clk 0:00:20]} Kf6 {[%clk 0:00:13]} 57. Nd7+
{[%clk 0:00:21]} Kg7 {[%clk 0:00:13]} 58. h5 {[%clk 0:00:20]} gxh5+
{[%clk 0:00:08]} 59. Kxh5 {[%clk 0:00:22]} Ne4 {[%clk 0:00:09]} 60. Kg4
{[%clk 0:00:22]} Kg6 {[%clk 0:00:09]} 61. Ne5+ {[%clk 0:00:22]} Kf6
{[%clk 0:00:10]} 62. Nd7+ {[%clk 0:00:23]} Ke6 {[%clk 0:00:10]} 63. Nf8+
{[%clk 0:00:24]} Kf7 {[%clk 0:00:09]} 64. Nxh7 {[%clk 0:00:24]} Nf6+
{[%clk 0:00:09]} 65. Nxf6 Kxf6 {[%clk 0:00:10]} 66. f5 {[%clk 0:00:25]} Kf7
{[%clk 0:00:11]} 67. Kf4 {[%clk 0:00:27]} Kf6 {[%clk 0:00:12]} 68. Ke4
{[%clk 0:00:28]} Kf7 69. Ke5 Ke7 {[%clk 0:00:14]} 70. f6+ {[%clk 0:00:31]} Kf7
{[%clk 0:00:15]} 71. Kf5 {[%clk 0:00:33]} Kf8 {[%clk 0:00:16]} 72. Ke5
{[%clk 0:00:34]} Kf7 73. Kf5 Kf8 {[%clk 0:00:18]} 74. Kg6 {[%clk 0:00:37]} Kg8
{[%clk 0:00:20]} 75. f7+ {[%clk 0:00:38]} Kf8 {[%clk 0:00:21]} 76. Kf6
{[%clk 0:00:40]} 1/2-1/2

[Event "c14"]
[Site "?"]
[Date "2020.08.27"]
[Round "11.3"]
[White "Klimkowski, Jan"]
[Black "Janeczko, Jakub"]
[Result "1-0"]
[BlackElo "1656"]
[WhiteElo "1902"]
[LiveChessVersion "1.4.8"]

1. d4 {[%clk 0:03:03]} c5 {[%clk 0:03:00]} 2. d5 {[%clk 0:03:04]} g6
{[%clk 0:03:01]} 3. c4 {[%clk 0:02:59]} d6 {[%clk 0:03:01]} 4. Nc3
{[%clk 0:02:57]} Bg7 {[%clk 0:03:01]} 5. e4 {[%clk 0:02:54]} e6 {[%clk 0:03:02]}
6. Nf3 {[%clk 0:02:53]} Ne7 {[%clk 0:03:02]} 7. Be2 {[%clk 0:02:49]} O-O
{[%clk 0:03:02]} 8. O-O {[%clk 0:02:49]} Na6 {[%clk 0:03:01]} 9. Bd2
{[%clk 0:02:47]} Nc7 {[%clk 0:03:01]} 10. Qc2 {[%clk 0:02:46]} a6
{[%clk 0:03:00]} 11. a4 {[%clk 0:02:46]} exd5 {[%clk 0:02:48]} 12. cxd5
{[%clk 0:02:33]} Bd7 {[%clk 0:02:24]} 13. a5 {[%clk 0:02:29]} Nb5
{[%clk 0:02:22]} 14. Nxb5 {[%clk 0:02:23]} Bxb5 {[%clk 0:02:21]} 15. Bc3
{[%clk 0:02:16]} Bxe2 {[%clk 0:01:59]} 16. Qxe2 {[%clk 0:02:16]} b5
{[%clk 0:02:00]} 17. axb6 {[%clk 0:02:06]} Qxb6 {[%clk 0:02:00]} 18. Bxg7
{[%clk 0:02:03]} Kxg7 {[%clk 0:02:01]} 19. Ra2 {[%clk 0:01:59]} a5
{[%clk 0:01:09]} 20. Rfa1 {[%clk 0:01:58]} Ra7 {[%clk 0:01:09]} 21. h4
{[%clk 0:01:50]} Rb8 {[%clk 0:00:57]} 22. h5 {[%clk 0:01:51]} Qb5
{[%clk 0:00:56]} 23. Qd2 {[%clk 0:01:48]} f6 {[%clk 0:00:36]} 24. h6+
{[%clk 0:01:31]} Kf7 {[%clk 0:00:37]} 25. Qf4 {[%clk 0:01:32]} Rb6
{[%clk 0:00:25]} 26. Ng5+ {[%clk 0:01:32]} Ke8 {[%clk 0:00:15]} 27. Qxf6
{[%clk 0:01:24]} Kd8 {[%clk 0:00:12]} 28. Ne6+ {[%clk 0:01:19]} Kd7
{[%clk 0:00:10]} 29. Nf8+ {[%clk 0:01:17]} Kc8 {[%clk 0:00:09]} 30. Nxh7
{[%clk 0:01:13]} Qe8 {[%clk 0:00:04]} 31. Ng5 {[%clk 0:01:14]} Ng8
{[%clk 0:00:04]} 32. Qf4 {[%clk 0:01:07]} Nxh6 {[%clk 0:00:04]} 33. Ne6
{[%clk 0:01:07]} Nf7 {[%clk 0:00:04]} 34. Rxa5 {[%clk 0:01:06]} Rxa5
{[%clk 0:00:03]} 35. Rxa5 {[%clk 0:01:06]} Kb7 {[%clk 0:00:04]} 36. Qxf7+
{[%clk 0:01:02]} 1-0

[Event "c14"]
[Site "?"]
[Date "2020.08.27"]
[Round "11.4"]
[White "Paprocki, Antoni"]
[Black "Starosciak, Szymon"]
[Result "1-0"]
[BlackElo "1525"]
[WhiteElo "1878"]
[LiveChessVersion "1.4.8"]

1. d4 {[%clk 0:03:03]} d5 2. c4 c6 {[%clk 0:03:04]} 3. Nf3 {[%clk 0:03:06]} Nf6
{[%clk 0:03:05]} 4. Nbd2 {[%clk 0:03:07]} e6 {[%clk 0:03:02]} 5. g3
{[%clk 0:03:08]} c5 {[%clk 0:03:01]} 6. cxd5 {[%clk 0:03:06]} Nxd5
{[%clk 0:03:00]} 7. dxc5 {[%clk 0:03:01]} Bxc5 {[%clk 0:03:00]} 8. Bg2
{[%clk 0:03:02]} O-O {[%clk 0:02:51]} 9. O-O {[%clk 0:03:03]} Nc6
{[%clk 0:02:51]} 10. a3 {[%clk 0:03:04]} a6 {[%clk 0:02:31]} 11. Qc2
{[%clk 0:03:04]} Ba7 {[%clk 0:02:30]} 12. b4 {[%clk 0:03:05]} Bd7
{[%clk 0:02:24]} 13. Bb2 {[%clk 0:03:06]} Rc8 {[%clk 0:02:23]} 14. Qb3
{[%clk 0:03:03]} b5 {[%clk 0:02:02]} 15. Rfd1 {[%clk 0:02:58]} Nf6
{[%clk 0:01:35]} 16. h3 {[%clk 0:02:56]} Qe7 {[%clk 0:01:10]} 17. e4
{[%clk 0:02:57]} e5 {[%clk 0:01:04]} 18. Rac1 {[%clk 0:01:53]} Be6
{[%clk 0:00:52]} 19. Qd3 {[%clk 0:01:54]} Rfd8 {[%clk 0:00:47]} 20. Qe2
{[%clk 0:01:56]} Nd7 {[%clk 0:00:32]} 21. Nf1 {[%clk 0:01:38]} f6
{[%clk 0:00:10]} 22. Ne3 {[%clk 0:01:39]} Bxe3 {[%clk 0:00:10]} 23. Qxe3
{[%clk 0:01:38]} 1-0

[Event "c14"]
[Site "?"]
[Date "2020.08.27"]
[Round "11.5"]
[White "Wojdak, Jan"]
[Black "Myrmus, Mateusz"]
[Result "0-1"]
[BlackElo "1434"]
[WhiteElo "1772"]
[LiveChessVersion "1.4.8"]

1. e4 e6 2. d4 d5 3. Nd2 Nf6 4. e5 Nfd7 5. Bd3 c5 6. c3 Nc6 7. Ne2 cxd4 8. cxd4
f6 9. exf6 Nxf6 10. O-O Bd6 11. Nf3 O-O 12. Bf4 Bxf4 13. Nxf4 Ne4 14. Ne2 Rxf3
15. gxf3 Ng5 16. Kh1 Nxf3 17. Bxh7+ Kxh7 18. Qd3+ Kg8 19. Qxf3 e5 20. dxe5 Nxe5
21. Qg3 Qf6 22. Nf4 d4 23. Nh5 Qf3+ 24. Qxf3 Nxf3 25. Nf4 Bf5 26. Kg2 Ng5 27. h4
Nf7 28. Rad1 Rd8 29. Rfe1 Rd7 30. Re2 d3 31. Re3 Nh6 32. Nxd3 Rc7 33. Rd2 Ng4 34.
Rg3 Nf6 35. f3 Rd7 36. Re2 Rxd3 37. Re7 Rd2+ 38. Kg1 Nh5 39. Rg5 g6 40. Rxb7 Rd1+
41. Kf2 Rd2+ 42. Ke3 Rc2 43. Rg1 Nf6 44. Rd1 Rc8 45. Rxa7 Re8+ 46. Kf4 Nh5+ 47.
Kg5 Rf8 48. Rc1 Ng7 49. Re1 Ne6+ 50. Kh6 Rb8 51. b3 Rb4 52. Rxe6 Bxe6 53. Kxg6
Bc8 54. Ra8 0-1

[Event "c14"]
[Site "?"]
[Date "2020.08.27"]
[Round "11.6"]
[White "Jedraszek, Pawel"]
[Black "Herwy, Jakub"]
[Result "1-0"]
[BlackElo "1741"]
[WhiteElo "1490"]
[LiveChessVersion "1.4.8"]

1. e4 {[%clk 0:03:03]} c5 {[%clk 0:03:04]} 2. Nf3 e6 3. d4 {[%clk 0:03:06]} cxd4
{[%clk 0:03:06]} 4. Nxd4 {[%clk 0:03:07]} a6 {[%clk 0:03:07]} 5. Bd3
{[%clk 0:03:08]} Bc5 {[%clk 0:03:09]} 6. Nb3 {[%clk 0:03:09]} Be7
{[%clk 0:03:10]} 7. Qe2 {[%clk 0:03:09]} d6 {[%clk 0:03:09]} 8. c4
{[%clk 0:03:10]} Qc7 {[%clk 0:03:09]} 9. Nc3 {[%clk 0:03:10]} Nf6
{[%clk 0:03:05]} 10. O-O {[%clk 0:03:10]} b6 {[%clk 0:03:05]} 11. f4
{[%clk 0:03:07]} Nbd7 {[%clk 0:03:05]} 12. Bd2 {[%clk 0:03:03]} Bb7
{[%clk 0:03:06]} 13. Rae1 {[%clk 0:03:03]} h5 {[%clk 0:03:05]} 14. Kh1
{[%clk 0:03:01]} h4 {[%clk 0:03:02]} 15. Nd4 {[%clk 0:02:29]} Rc8
{[%clk 0:02:50]} 16. b3 {[%clk 0:02:31]} g6 {[%clk 0:02:28]} 17. Nd5
{[%clk 0:02:19]} exd5 {[%clk 0:02:19]} 18. exd5 {[%clk 0:02:20]} Nc5
{[%clk 0:02:14]} 19. Bb1 {[%clk 0:02:12]} Kf8 {[%clk 0:01:46]} 20. b4
{[%clk 0:02:13]} Na4 {[%clk 0:01:41]} 21. Bxg6 {[%clk 0:02:05]} Re8
{[%clk 0:01:10]} 22. Ne6+ {[%clk 0:01:43]} fxe6 {[%clk 0:01:07]} 23. Qxe6
{[%clk 0:01:43]} Kg7 {[%clk 0:00:41]} 24. Bc2 {[%clk 0:01:14]} Qxc4
{[%clk 0:00:23]} 25. Qf5 {[%clk 0:00:38]} Qxd5 {[%clk 0:00:14]} 26. Qg6+
{[%clk 0:00:39]} Kf8 {[%clk 0:00:15]} 27. Rxe7 {[%clk 0:00:37]} Qxg2+
{[%clk 0:00:09]} 28. Qxg2 {[%clk 0:00:38]} Bxg2+ {[%clk 0:00:09]} 29. Kxg2
{[%clk 0:00:39]} Rxe7 {[%clk 0:00:10]} 30. Bxa4 {[%clk 0:00:40]} Rg8+
{[%clk 0:00:07]} 31. Kf3 {[%clk 0:00:41]} Ne4 {[%clk 0:00:07]} 32. Be3
{[%clk 0:00:36]} b5 {[%clk 0:00:09]} 33. Bb3 {[%clk 0:00:37]} Rgg7
{[%clk 0:00:08]} 34. Bd4 {[%clk 0:00:34]} Rh7 {[%clk 0:00:07]} 35. Be3
{[%clk 0:00:24]} Rhg7 {[%clk 0:00:05]} 36. Rd1 {[%clk 0:00:24]} Rd7
{[%clk 0:00:06]} 37. Kxe4 {[%clk 0:00:24]} Rge7+ {[%clk 0:00:05]} 38. Kf3
{[%clk 0:00:25]} Kg7 {[%clk 0:00:06]} 39. Bd4+ {[%clk 0:00:26]} Kg6
{[%clk 0:00:07]} 40. Rg1+ {[%clk 0:00:27]} Kh6 {[%clk 0:00:08]} 41. f5
{[%clk 0:00:25]} Re8 {[%clk 0:00:09]} 42. Bc2 {[%clk 0:00:22]} Rc7
{[%clk 0:00:10]} 43. Be3+ {[%clk 0:00:22]} Kh7 {[%clk 0:00:10]} 44. Rg2
{[%clk 0:00:17]} Rc3 {[%clk 0:00:10]} 45. Re2 {[%clk 0:00:18]} Rexe3+
{[%clk 0:00:11]} 46. Rxe3 {[%clk 0:00:20]} Rxc2 {[%clk 0:00:13]} 47. Ra3
{[%clk 0:00:16]} Rxh2 {[%clk 0:00:13]} 48. Rxa6 {[%clk 0:00:18]} Kg7
{[%clk 0:00:12]} 49. Rxd6 {[%clk 0:00:17]} Rxa2 {[%clk 0:00:14]} 50. Kg4
{[%clk 0:00:16]} Rc2 {[%clk 0:00:12]} 51. Kxh4 {[%clk 0:00:13]} Rc4+
{[%clk 0:00:14]} 52. Kg5 {[%clk 0:00:15]} Rxb4 {[%clk 0:00:15]} 53. Rd7+
{[%clk 0:00:16]} Kg8 {[%clk 0:00:14]} 54. Rb7 {[%clk 0:00:14]} Rb1
{[%clk 0:00:14]} 55. Kg6 {[%clk 0:00:13]} Rg1+ {[%clk 0:00:14]} 56. Kf6
{[%clk 0:00:15]} Rb1 {[%clk 0:00:15]} 57. Rb8+ {[%clk 0:00:13]} Kh7
{[%clk 0:00:16]} 58. Ke7 {[%clk 0:00:12]} Re1+ {[%clk 0:00:16]} 59. Kf7
{[%clk 0:00:12]} Rb1 {[%clk 0:00:14]} 60. f6 {[%clk 0:00:13]} b4 {[%clk 0:00:15]}
61. Rb5 {[%clk 0:00:09]} Kh6 {[%clk 0:00:15]} 62. Ke8 {[%clk 0:00:07]} Re1+
{[%clk 0:00:16]} 63. Kf8 {[%clk 0:00:07]} Re4 {[%clk 0:00:16]} 64. f7
{[%clk 0:00:08]} Rc4 {[%clk 0:00:08]} 65. Ke8 {[%clk 0:00:05]} Rc8+
{[%clk 0:00:06]} 66. Kd7 {[%clk 0:00:06]} Ra8 {[%clk 0:00:05]} 67. Ke7
{[%clk 0:00:07]} Kg6 {[%clk 0:00:05]} 68. f8=Q {[%clk 0:00:07]} 1-0

[Event "c14"]
[Site "?"]
[Date "2020.08.27"]
[Round "11.7"]
[White "Bogusz, Alan"]
[Black "Matela, Krzysztof"]
[Result "0-1"]
[BlackElo "1692"]
[WhiteElo "1429"]
[LiveChessVersion "1.4.8"]

1. e4 c5 2. Nf3 e6 3. d4 cxd4 4. Nxd4 Qb6 5. Nb3 Nf6 6. Bd3 d5 7. exd5 Nxd5 8.
O-O Nc6 9. Be4 Nf6 10. Be3 Qc7 11. Bf3 Be7 12. Nc3 O-O 13. Qe2 Rd8 14. Rad1 a6
15. Rxd8+ Qxd8 16. Rd1 Qe8 17. Bb6 Bd7 18. Nc5 Bxc5 19. Bxc5 e5 20. Ne4 Nxe4 21.
Qxe4 Be6 22. Bb6 Rc8 23. b3 g6 24. Qe3 Nd4 25. Bxd4 exd4 26. Qxd4 Rxc2 27. Bxb7
Rxa2 28. Qb6 Qd7 29. Rc1 Qd2 30. Qe3 Qxe3 31. fxe3 Bxb3 32. Rc3 Be6 33. Kf1 a5
34. Kg1 Kg7 35. Bc6 Kf6 36. Rc5 h5 37. Bf3 a4 38. Kf1 a3 39. Ra5 Ra1+ 40. Kf2 a2
41. e4 Rc1 42. e5+ Kg7 43. Be4 a1=Q 44. Rxa1 Rxa1 45. Bf3 Bf5 46. h3 Ra2+ 47. Kg3
Ra3 48. Kh2 Rxf3 49. gxf3 Kf8 50. Kg3 Ke7 51. h4 Ke6 52. Kf4 Kd5 53. Kg5 Kxe5 54.
f4+ Ke4 55. Kf6 Kxf4 56. Kxf7 Kg4 57. Kf6 Kxh4 58. Ke5 Kg4 59. Kf6 h4 0-1

[Event "c14"]
[Site "?"]
[Date "2020.08.27"]
[Round "11.8"]
[White "Czernecki, Andrzej"]
[Black "Meers, Hubert"]
[Result "0-1"]
[BlackElo "1759"]
[WhiteElo "1587"]
[LiveChessVersion "1.4.8"]

1. e4 {[%clk 0:03:04]} c6 {[%clk 0:03:04]} 2. d4 {[%clk 0:03:04]} g6
{[%clk 0:03:05]} 3. f4 {[%clk 0:03:00]} d5 {[%clk 0:03:06]} 4. e5
{[%clk 0:03:01]} Bg7 {[%clk 0:03:07]} 5. Nf3 {[%clk 0:03:02]} h5 {[%clk 0:03:08]}
6. Bd3 {[%clk 0:03:02]} Nh6 {[%clk 0:03:09]} 7. Bd2 {[%clk 0:02:55]} Bf5
{[%clk 0:03:06]} 8. Nc3 {[%clk 0:02:40]} Nd7 {[%clk 0:03:00]} 9. Qe2
{[%clk 0:02:36]} Nf8 {[%clk 0:03:00]} 10. O-O-O {[%clk 0:02:25]} Ne6
{[%clk 0:03:01]} 11. Bxf5 {[%clk 0:02:21]} Nxf5 {[%clk 0:03:02]} 12. Be3
{[%clk 0:02:22]} Qd7 {[%clk 0:02:37]} 13. Qf2 {[%clk 0:02:05]} O-O-O
{[%clk 0:02:27]} 14. Kb1 {[%clk 0:02:05]} Bh6 {[%clk 0:02:26]} 15. g3
{[%clk 0:02:05]} Neg7 {[%clk 0:01:43]} 16. Bc1 {[%clk 0:01:54]} Ne6
{[%clk 0:01:30]} 17. Be3 {[%clk 0:01:42]} Qc7 {[%clk 0:01:06]} 18. Nd2
{[%clk 0:01:27]} Bg7 {[%clk 0:01:00]} 19. Nb3 {[%clk 0:01:28]} Nh6
{[%clk 0:00:59]} 20. h3 {[%clk 0:01:26]} Nf5 {[%clk 0:00:59]} 21. g4
{[%clk 0:01:19]} hxg4 {[%clk 0:00:38]} 22. hxg4 {[%clk 0:01:20]} Nh6
{[%clk 0:00:39]} 23. Qf3 {[%clk 0:01:12]} f5 {[%clk 0:00:32]} 24. g5
{[%clk 0:01:02]} Ng4 {[%clk 0:00:33]} 25. Nc1 {[%clk 0:00:40]} Rdf8
{[%clk 0:00:34]} 26. Nd3 {[%clk 0:00:36]} b6 {[%clk 0:00:31]} 27. Nf2
{[%clk 0:00:35]} Nxf2 {[%clk 0:00:30]} 28. Qxf2 {[%clk 0:00:37]} Qd8
{[%clk 0:00:31]} 29. Qe2 {[%clk 0:00:31]} Kb7 {[%clk 0:00:31]} 30. Qg2
{[%clk 0:00:31]} Rxh1 {[%clk 0:00:28]} 31. Rxh1 {[%clk 0:00:32]} Rh8
{[%clk 0:00:29]} 32. Ne2 {[%clk 0:00:28]} Qg8 {[%clk 0:00:30]} 33. Ng3
{[%clk 0:00:24]} Rh7 {[%clk 0:00:29]} 34. Rxh7 {[%clk 0:00:23]} Qxh7 35. Qh1
Qxh1+ {[%clk 0:00:28]} 36. Nxh1 {[%clk 0:00:26]} c5 {[%clk 0:00:27]} 37. c3
{[%clk 0:00:27]} Kc6 {[%clk 0:00:28]} 38. Kc2 {[%clk 0:00:28]} Bf8
{[%clk 0:00:28]} 39. Ng3 {[%clk 0:00:22]} Ng7 {[%clk 0:00:29]} 40. Kd3
{[%clk 0:00:19]} e6 {[%clk 0:00:27]} 41. Bf2 {[%clk 0:00:20]} cxd4
{[%clk 0:00:28]} 42. cxd4 {[%clk 0:00:17]} b5 {[%clk 0:00:28]} 43. Be1
{[%clk 0:00:18]} Kb6 {[%clk 0:00:28]} 44. b4 {[%clk 0:00:18]} Ne8
{[%clk 0:00:27]} 45. a3 {[%clk 0:00:14]} Kc6 {[%clk 0:00:23]} 46. Bd2
{[%clk 0:00:13]} Nc7 {[%clk 0:00:24]} 47. Bc1 {[%clk 0:00:14]} Na8
{[%clk 0:00:25]} 48. Ne2 {[%clk 0:00:11]} Nb6 {[%clk 0:00:26]} 49. Ng1
{[%clk 0:00:11]} Nc4 {[%clk 0:00:22]} 50. Ne2 {[%clk 0:00:12]} Kb6 51. Nc3 a5
{[%clk 0:00:23]} 52. Na2 {[%clk 0:00:12]} Ka6 {[%clk 0:00:15]} 53. Kc3
{[%clk 0:00:11]} Kb6 {[%clk 0:00:16]} 54. Kd3 axb4 55. axb4 {[%clk 0:00:13]} Kc6
{[%clk 0:00:16]} 56. Kc3 {[%clk 0:00:12]} Nb6 {[%clk 0:00:17]} 57. Be3
{[%clk 0:00:08]} Kb7 {[%clk 0:00:17]} 58. Kb3 {[%clk 0:00:09]} Be7
{[%clk 0:00:13]} 59. Nc3 {[%clk 0:00:10]} Kc6 {[%clk 0:00:14]} 60. Na2
{[%clk 0:00:11]} Nd7 {[%clk 0:00:14]} 61. Bd2 {[%clk 0:00:11]} Nb8
{[%clk 0:00:13]} 62. Be3 {[%clk 0:00:13]} Na6 {[%clk 0:00:10]} 63. Bd2
{[%clk 0:00:13]} Nc7 {[%clk 0:00:12]} 64. Be3 {[%clk 0:00:13]} Ne8
{[%clk 0:00:13]} 65. Nc1 {[%clk 0:00:10]} Ng7 {[%clk 0:00:14]} 66. Nd3
{[%clk 0:00:11]} Nh5 {[%clk 0:00:11]} 67. Bf2 {[%clk 0:00:10]} Bf8
{[%clk 0:00:09]} 68. Kc3 {[%clk 0:00:12]} Be7 {[%clk 0:00:10]} 69. Kb3
{[%clk 0:00:13]} Ng7 {[%clk 0:00:11]} 70. Be3 {[%clk 0:00:11]} Ne8
{[%clk 0:00:12]} 71. Nc5 {[%clk 0:00:11]} Bxc5 {[%clk 0:00:09]} 72. bxc5
{[%clk 0:00:12]} Ng7 {[%clk 0:00:08]} 73. Kb4 {[%clk 0:00:11]} Nh5
{[%clk 0:00:08]} 74. Kc3 {[%clk 0:00:09]} Ng3 {[%clk 0:00:09]} 75. Kb4
{[%clk 0:00:09]} Nf1 {[%clk 0:00:08]} 76. Bf2 {[%clk 0:00:09]} Nd2
{[%clk 0:00:09]} 77. Be3 {[%clk 0:00:10]} Ne4 {[%clk 0:00:08]} 78. Kb3
{[%clk 0:00:10]} Ng3 {[%clk 0:00:07]} 79. Kb4 {[%clk 0:00:11]} Nf1
{[%clk 0:00:05]} 80. Bf2 {[%clk 0:00:12]} Nh2 {[%clk 0:00:07]} 81. Be3
{[%clk 0:00:11]} Nf3 {[%clk 0:00:08]} 82. Kb3 {[%clk 0:00:12]} Ne1
{[%clk 0:00:07]} 83. Kb4 {[%clk 0:00:12]} Nd3+ {[%clk 0:00:06]} 84. Kc3
{[%clk 0:00:13]} Ne1 {[%clk 0:00:07]} 85. Kb4 {[%clk 0:00:15]} Nc2+
{[%clk 0:00:08]} 86. Kc3 {[%clk 0:00:05]} Nxe3 {[%clk 0:00:09]} 87. Kd3
{[%clk 0:00:12]} 0-1